| 000 | 00788 a2200337 4500 | ||
|---|---|---|---|
| 260 | _aParis | ||
| 630 | _a657 - Comptabilité | ||
| 037 | _b1, Achat | ||
| 037 | _b2, CIUF | ||
| 037 | _b1, MES | ||
| 650 | _a6 - SCIENCES APPLIQUEES | ||
| 100 | _aCaspar, Bernard | ||
| 700 | _aEnselme, Gérard | ||
| 260 | _bLitec | ||
| 245 | _aManuel de comptabilité approfondie et révision : DECF, épreuve n°6 | ||
| 300 | _a617p | ||
| 650 | _aComptabilité : manuel | ||
| 260 | _c2002 | ||
| 300 | _b24cm | ||
| 100 | _lFr | ||
| 440 | _aCollection Objectif. Expertise Comptable | ||
| 037 | _aDe 8230 | ||
| 037 | _aDe 8437 | ||
| 037 | _aDe 9587 | ||
| 037 | _a04/504 | ||
| 250 | _a5e éd. | ||
| 020 | _a2-7111-3403-2 | ||
| 440 | _x0150-8814 | ||
| 999 |
_c42032 _d42032 |
||